| 000 | 00000cam 2200000zi 4500 |
| 001 | 9.959497 |
| 003 | CaOODSP |
| 005 | 20260603131610 |
| 006 | m o d f |
| 007 | cr ||||||||||| |
| 008 | 260202t20262026onc os f000 0 fre d |
| 020 | |a9780660982113 |
| 040 | |aCaOODSP|bfre|erda|cCaOODSP |
| 041 | |afre|beng |
| 043 | |an-cn--- |
| 086 | 1 |aCi4-183/1-2026F-PDF |
| 245 | 00|aSondage de suivi annuel 2025-2026 d'IRCC : |brapport final / |cpréparé pour Immigration, Réfugiés et Citoyenneté Canada. |
| 264 | 1|a[Ottawa] : |bImmigration, Réfugiés et Citoyenneté Canada = Immigration, Refugees and Citizenship Canada, |c2026. |
| 264 | 4|c©2026 |
| 300 | |a1 ressource en ligne (21 pages) + |eannexe 2 (14 pages non numérotées) |
| 336 | |atexte|btxt|2rdacontent/fre |
| 337 | |ainformatique|bc|2rdamedia/fre |
| 338 | |aressource en ligne|bcr|2rdacarrier/fre |
| 500 | |aPublié aussi en anglais sous le titre : 2025-26 IRCC annual tracking study: final report. |
| 500 | |a« Nom du fournisseur : Phoenix SPI. » |
| 500 | |a« Numéro de contrat : CW2422650. » |
| 500 | |a« Numéro d’enregistrement : POR 036-25. » |
| 546 | |aTexte principalement en français; comprend du texte en anglais. |
| 610 | 16|aCanada. |bImmigration, réfugiés et citoyenneté Canada|xOpinion publique. |
| 650 | 6|aImmigrants|xServices|zCanada|xOpinion publique|vStatistiques. |
| 650 | 6|aCitoyenneté|zCanada|xOpinion publique|vStatistiques. |
| 650 | 6|aOpinion publique|zCanada. |
| 655 | 7|aStatistiques|2rvmgf |
| 710 | 1 |aCanada. |bImmigration, réfugiés et citoyenneté Canada, |eorganisme de publication. |
| 710 | 2 |aPhoenix Strategic Perspectives Inc., |econsultant. |
| 775 | 08|t2025-26 IRCC annual tracking study : |w(CaOODSP)9.959494 |
| 795 | |t2024-25 sondage de suivi annuelle d'IRCC : |w(CaOODSP)9.947397 |
| 856 | 40|qPDF|s1.57 Mo|uhttps://publications.gc.ca/collections/collection_2026/ircc/Ci4-183-1-2026-fra.pdf|z(Rapport final) |
| 856 | 40|qPDF|s434 Ko|uhttps://publications.gc.ca/collections/collection_2026/ircc/Ci4-183-1-2026-2.pdf|z(Annexe 2) |
| 856 | 4 |qHTML|sS.O|uhttps://epe.lac-bac.gc.ca/100/200/301/pwgsc-tpsgc/por-ef/immigration_refugees/2026/036-25-f/index.html|z(Ensemble de données complet) |